000 00392cam a22001337a 4500
008 180718b1987 xxu||||| |||| 00| 0 eng d
082 _aU6x5451 V559
100 _aVenkatswamy, G.
245 _aManagement of state government enterprises
_cby G. Venkatswamy
260 _aNew Delhi
_bArchieves
_c1987
300 _a362p.
500 _aRs.270.00
650 _aGovernment Enterprise - India - A.P.
999 _c356206
_d356206